000
00335 a2200145 4500
001
155718
040
_c
Escola São Tomás de Aquino
240
1
0
_a
Canções das Águas Profundas
_l
por
245
1
0
_a
Canções das Águas Profundas
300
_a
80
362
0
_a
1987
440
1
_a
Mundo Cristão
697
_a
Bíblia
942
_c
BK
999
_c
155718
_d
155718